Chàng Amã Chisa Akhàt Jucar raglai Q.2 Chàng Amã Chisa
Chàng Amã Chisa tieengs Raglai
Wedi'i Gadw mewn:
| Prif Awdur: | |
|---|---|
| Awduron Eraill: | |
| Fformat: | Llyfr |
| Iaith: | Vietnamese |
| Cyhoeddwyd: |
H.
Văn hoá Thông tin
2014
|
| Pynciau: | |
| Tagiau: |
Ychwanegu Tag
Dim Tagiau, Byddwch y cyntaf i dagio'r cofnod hwn!
|
| Thư viện lưu trữ: | Mạng thư viện Đại học Đà Nẵng |
|---|
| LEADER | 01534aam a22004218a 4500 | ||
|---|---|---|---|
| 001 | 000020845 | ||
| 003 | 17292 | ||
| 005 | 20150401090447.0 | ||
| 008 | 150327s2014 viesd | ||
| 020 | |d 2000b | ||
| 041 | 0 | |a vie | |
| 082 | 0 | 4 | |2 23 |a 398.20899922 |b TR-H |
| 100 | 1 | |a Trần Kiêm Hoàng | |
| 245 | 1 | 0 | |a Chàng Amã Chisa |b Akhàt Jucar raglai |c Trần Kiêm Hoàng, Chamaliaq Riya Tiẻnq |n Q.2 |p Chàng Amã Chisa |
| 260 | |a H. |b Văn hoá Thông tin |c 2014 | ||
| 300 | |a 378 tr. |c 21 cm. | ||
| 500 | |a ĐTTS ghi: Hội Văn nghệ dân gian Việt Nam | ||
| 504 | |a Thư mục tr. 377-378 | ||
| 520 | 3 | |a Chàng Amã Chisa tieengs Raglai | |
| 650 | 0 | 4 | |2 Bộ TK TVQG |a Văn học dân gian |x Dân tộc Gia Rai |z Việt Nam |
| 650 | 7 | |2 Bộ TK TVQG | |
| 651 | 7 | |2 Bộ TK TVQG |a Việt Nam | |
| 653 | |a Dân tộc Gia Rai | ||
| 653 | |a Văn học dân gian | ||
| 653 | |a Chàng Amã Chisa | ||
| 655 | 7 | |2 Bộ TK TVQG |a Truyện dân gian | |
| 700 | 1 | |a Chamaliaq Riya Tiẻnq | |
| 773 | |d Văn hoá Thông tin |d H. |d 2014 |t Chàng Amã Chisa |w 17290 | ||
| OWN | |a LSP | ||
| AVA | |a UDN50 |b LSP |d 398.20899922 TR-H |e available |t Error 5001 Not defined in file expand_doc_bib_avail. |f 1 |g 0 |h N |i 0 |k 1 | ||
| 999 | |a From the UDN01 | ||
| AVA | |a UDN50 |b LSP |d 398.20899922 TR-H |e available |t Error 5001 Not defined in file expand_doc_bib_avail. |f 1 |g 0 |h N |i 0 |k 1 | ||
| TYP | |a Monograph | ||
| TYP | |a Printed language | ||
| 980 | |a Mạng thư viện Đại học Đà Nẵng | ||